|
|
|
|
| LEADER |
00000nab a2200000 a 4500 |
| 001 |
vtls009281949 |
| 003 |
SK-MaSNL |
| 005 |
20260303200238.0 |
| 008 |
080403 2008 xo m 000 0 slo |
| 038 |
|
|
|a NRKKK
|
| 040 |
|
|
|a NRKKK
|b slo
|c NRKKK
|e AACR2
|
| 041 |
0 |
|
|a slo
|
| 044 |
|
|
|a xo
|c SK
|
| 080 |
|
|
|a 614.885
|2 1997
|
| 080 |
|
|
|a 615.38
|2 1997
|
| 100 |
1 |
|
|a Synaková, Ľ.
|4 aut
|9 1042161
|
| 245 |
1 |
0 |
|a Ocenenie pre darcov krvi
|c Ľ. Synaková
|
| 300 |
|
|
|b Fotogr.
|
| 610 |
2 |
7 |
|a Územný spolok Slovenského Červeného kríža (Nitra, Slovensko)
|2 nrkkk
|9 1230096
|
| 650 |
0 |
7 |
|a darcovstvo krvi
|2 snkbucl
|9 16625
|
| 651 |
|
7 |
|a Nitra (Slovensko)
|2 snkbucl
|9 15714
|
| 773 |
0 |
|
|t Nitra
|g Roč. XXXIII., č. 1 (2008), s. 12
|x 1336-4685
|
| 852 |
|
|
|a SNK
|b KIS3GCP
|
| 999 |
|
|
|c 2167331
|d 2169261
|